000
00311pam a2200133a 44500
008
230405s xxu||||| |||| 00| 0 eng d
041
_a
ENG
100
_a
PHADAKE SNEHA
245
_a
COMPUTER PROGRAMMING
250
_a
2 1998
260
_a
PUNE
_b
TECHNOVA PUBLICATION PUNE
_c
650
_a
COMPUTER
906
_a
283
999
_c
265722
_d
265722